000 00710nam a2200181 i 4500
001 171221
003 ES-MaACL
005 20240522063102.0
008 090505s1925 fr |||| | fre d
080 _a087.5:850-31"18"
100 0 _aDe Amicis, Edmondo,
_d1846-1908
_943032
245 1 0 _aGrands coeurs
_b: livre de lecture pour toutes les écoles /
_cEd. de Amicis ; traduction française par A. Piazzi ; [illustrations par R. de la Néziere].
260 _aParis :
_bDelagrave,
_c1925.
300 _a316 p. :
_bil. ;
_c18 cm.
650 4 _aLectura-
_vLibros escolares.
_914067
852 4 _aES-MaACL
_jE-12618
_9R.140226
_z. - Biblioteca Jacinto Martínez Lacalle
999 _c171221
_d171221